Deserts that Touch the Most Countries - Statistics

General Stats
  • This quiz has been taken 63 times
  • The average score is 7 of 15
Answer Stats
Number Type Countries Answer % Correct
11 Subtropical Algeria, Chad, Egypt, Eritrea, Libya, Mali, Mauritania, Morocco, Niger, Sudan, Tunisia Sahara Desert
100%
2 Cold Winter China, Mongolia Gobi Desert
83%
3 Subtropical Botswana, Namibia, South Africa Kalahari Desert
80%
8 Polar Ice / Tundra Canada, Denmark, Finland, Iceland, Norway, Russia, Sweden Arctic Desert
73%
2 Mild Coastal Chile, Peru Atacama Desert
71%
3 Cool Coastal Angola, Namibia, South Africa Namib Desert
63%
8 Subtropical Iraq, Jordan, Kuwait, Oman, Qatar, Saudi Arabia, United Arab Emirates, Yemen Arabian Desert
58%
2 Subtropical Mexico, United States Chihuahuan Desert
37%
4 Subtropical Iraq, Jordan, Saudi Arabia, Syria Syrian Desert
36%
2 Subtropical Mexico, United States Sonoran Desert
31%
2 Subtropical India, Pakistan Thar Desert
29%
3 Cold Winter Kazakhstan, Turkmenistan, and Uzbekistan Kyzylkum Desert
19%
3 Subtropical Djibouti, Eritrea, Ethiopia Danakil Desert
10%
2 Subtropical Ethiopia, Somalia Ogaden Desert
7%
3 Temperate Kazakhstan, Turkmenistan, and Uzbekistan Ustyurt Plateau
3%
No matching quizzes found
Score Distribution
Percent of People with Each Score
Percentile by Number Answered
Your Score History
You have not taken this quiz